000 01034nam a22002657a 4500
999 _c20663
_d20663
005 20191227090248.0
008 191227b xxu||||| |||| 00| 0 spa d
040 _aCO-BoIAVH
_cCO-BoIAVH
041 _aspa
044 _abl
082 _a658
_bM76e
100 _aMonzoni, Mario [et.al.]
245 _aEconomic valuation of business- related ecosystem services:
_bCase studies of trends in Ecosystem services.(TeSE)
260 _aSao Paulo:
_bCenter for Sustainability Studies of Sao Paulo Business Administration School at Getulio Vargas Foundation,
_c2016.
300 _a41 Páginas:
_bfotografías,
_c27 x 20 cm.
650 0 _aAdministración ambiental
650 0 _aConservación de ecosistemas
650 0 _aAdministración de empresas
_x Aspectos ambientales.
650 0 _aServicios ambientales
700 _aLutti, Natalia
700 _aCamolesi, Thais
700 _aLisbona. Philippe
710 _aGetulio Vargas Foundation
942 _2ddc
_cLIBRO